000 00682nam a2200217 i 4500
001 78755
003 ES-MaACL
005 20230906173814.0
007 t|
008 041015s1964 sp ||||1| spa d
100 1 _aHall, Challis A.
_961559
245 1 0 _aPolítica fiscal y crecimiento estable /
_cChallis A. Hall ; traducido por José Alberto Blanco Losada ; prólogo de Emilio de Figueroa.
260 _aBilbao :
_bDeusto,
_c1964.
300 _a402 p. ;
_c21 cm.
490 1 _aEconomía
700 1 _aBlanco Losada, Alberto.
_929271
700 1 _aFigueroa, Emilio de.
_950780
830 0 _aEconomía
_9177792
852 _aES-MaACL
_jC-25962
_bR.54713
999 _c78755
_d78755